| 000 | 00458nam a22001937a 4500 | ||
|---|---|---|---|
| 003 | MPLRDC | ||
| 005 | 20220104161907.0 | ||
| 008 | 210129b ||||| |||| 00| 0 eng d | ||
| 020 | _a986-7371-98-0 | ||
| 082 | _a563 QY | ||
| 100 | _a秦榆 | ||
| 245 |
_a穷人穷什麽? _c |
||
| 250 | _a初版 | ||
| 260 |
_a台湾 _b海洋文化事业有限公司 _c2007 |
||
| 300 | _b207 | ||
| 490 | _a顶尖领导. 54 | ||
| 650 | _a理财 | ||
| 942 |
_cBK _o563 QY |
||
| 999 |
_c55709 _d55699 |
||